000 00375nam a22001337a 4500
005 20250811161259.0
008 250811b |||||||| |||| 00| 0 eng d
050 _aHF 5635.F56 2004
_bC. 1
100 _aNEEDLES, BELVERD
245 _aFINANCIAL ACCOUNTING
_bSTUDENT CD - WINDOWS
260 _aBOSTON
_bHOUGHTON MIFFLIN COLLEGE
_c2004
300 _aIV, 64P.
942 _2lcc
_cBK
999 _c216016
_d216016